1937 1898 1518 1912 1076 1693 1211 1331 1717 1635 1197 1069 1081 1205 1873 1312 1338 1053 1500 1079 1917 1217 1593 1976 1838 1584 1994 1141 1655 1430 1101 1337 1954 1297 1357 1029 1149 1400 1795 1052 1986 1667 1291 1052 1155 1474 1226 1698 1203 1632 1372 1833 1908 1264 1609 1333 1954 1573 1809 1190 1108 1221 1476 1514 1914 1239 1807 1807 1306 1415 1388 1509 1749 1586 1707 1522 1442 1150 1662 1598 1810 1861 1910 1329 1739 1130 1493 1469 1721 1799 1832 1244 1063 1192 1057 1300 1628 1483 1829 BCNSPRNW ULIB Ver.6.0+V

เปลี่ยนเป็นภาษาไทย

Change to English
 แสดงรายละเอียดบรรณานุกรม
  กลับหน้าหลัก

Brief Record : Get Marc (ISO 2709) : E-mail record : QR code < ปิดหน้าต่าง
LEADER : 00000nam 2200000uu 4500
001    13399112799
003     ULIB
008    110627s2552||||th 000 0 tha d
020    9789742467258
090    นว.^bด899จ 2552
100 0  เดวี่,พริตตี้
245 00 เจ้าชายจอมซ่าส์กับซินเดอเรลล่าสุดเซอร์/^cเดวี่,พริตตี้
250    พิมพ์ครั้งที่ 2
260    กรุงเทพฯ :^bเลิฟเบอร์รี่บุ๊ค,^c2552
300    178 หน้า
710 1  เลิฟเบอร์รี่บุ๊ค
945    ^p148^l0^i026479
995    ทศพร
999 ^a ใช้งานได้ทุกระบบ
รายการนี้ยังไม่มีแท็ก
คุณยังไม่ได้ล็อกอิน คุณสามารถมีกิจกรรมร่วมกับเว็บไซต์ได้ แต่ต้องล็อกอินก่อน ::
  ล็อกอิน

รายการสื่อสารสนเทศ

ลำดับที่ ประเภท เลขเรียก/บาร์โค้ด สถานที่ สถานะ
- ไม่พบข้อมูล -

BibComment


ยังไม่เคยถูกคอมเมนท์

คอมเมนท์ทรัพยากรรายการนี้
  คอมเมนท์: เจ้าชายจอมซ่าส์กั..


 Copyright 2026. Bcnsprnw @Library